Os du pied - Statistiques

Statistiques générales
  • Ce quiz a été pris 383 fois
  • Le résultat moyen est 3 sur 8
Statistiques - réponses
Par images Réponse % Correct
Talus
73%
Cuboïde
58%
Calcaneus
55%
phalanges distales
52%
Naviculaire
48%
Phalanges intermediaires
38%
Metatarsiens
35%
cuneiforme medial
29%
cuneiforme lateral
27%
cuneiforme intermediaire
26%
phalanges poximales
3%
Aucun quiz correspondant
Distribution des résultats
% des personnes avec chaque résultat
Percentile par nombre de réponses
Votre historique - résultats
Vous n’avez pas pris ce quiz